The greek New Testament

Saved in:
Bibliographic Details
Main Authors: Aland, Kurt (Author), Black, Matthew (Author), Martini, Carlo M (Author), Metzger, Bruce M (Author), Wikgren, Allen (Author), Tamez L., Elsa (Author)
Format: Book
Language:Spanish
Greek, Modern (1453- )
Published: Madrid Sociedades Bíblicas Unidas 1975
Edition:3a. ed
Subjects:
Tags: Add Tag
No Tags, Be the first to tag this record!

MARC

LEADER 00000cam a2200000 a 4500
001 UCG6264
003 CL-VaPUC
008 110414e19750000SP |||||||||||||||||spa|d
041 0 7 |a spa  |2 CL-VaPUC 
041 0 7 |a gre  |2 CL-VaPUC 
082 0 4 |a 225  |b ALA  |2 21 
100 0 |a Aland, Kurt  |e author  |9 556338 
700 0 |a Black, Matthew  |e author  |9 556339 
700 0 |a Martini, Carlo M  |e author  |9 556340 
700 0 |a Metzger, Bruce M  |e author  |9 556341 
700 0 |a Wikgren, Allen  |e author  |9 556342 
700 0 |a Tamez L., Elsa  |e author  |9 556343 
245 1 4 |a The greek New Testament 
246 1 0 |a Diccionario conciso Griego-Español del Nuevo Testamento 
250 |a 3a. ed 
300 |a 926 p 
942 |c BK 
945 |d 20110414 00:00:00  |a dcastane 
260 |a Madrid  |b Sociedades Bíblicas Unidas  |c 1975 
650 0 |a Biblia  |9 257603 
650 0 |a Textos sagrados   |9 257605 
650 0 |a Nuevo testamento  |9 257604 
650 0 |a Diccionarios  |9 256200 
583 |a last modification  |c 20150708 02:20:02  |k Rodrigo Vera 
999 |c 344538  |d 344536 
952 |0 0  |1 0  |4 0  |6 225_000000000000000_ALA_1975  |7 0  |8 A  |9 442561  |a BIBTEO  |b BIBTEO  |d 2019-11-22  |i 4764439  |l 2  |o 225 ALA 1975  |p 4764439  |r 2025-01-17  |s 2024-04-18  |w 2019-11-22  |y BK  |k ICR 
952 |0 0  |1 0  |3 erd  |4 0  |6 225_000000000000000_ALA_1975  |7 0  |8 A  |9 442562  |a BIBTEO  |b BIBTEO  |e Casale Rolle, Carlos Ignacio, -2014  |i 5181941  |l 1  |m 3  |o 225 ALA 1975  |p 5181941  |r 2025-04-21  |s 2025-03-21  |w 2019-11-22  |y BK  |z Catalogado en:20150710  |k ICR